Personnage mystère #5 - Statistiques

Statistiques générales
  • Ce quiz a été pris 882 fois
  • Le résultat moyen est 6 sur 7
Statistiques - réponses
Lettres Indices % Correct
MEFEM Femme
99%
EBTE Bête
98%
SOER Rose
97%
EYSNID Disney
92%
SERVIL Livres
90%
ABEUTE Beauté
89%
Nom du personnage Belle
79%
Aucun quiz correspondant
Distribution des résultats
% des personnes avec chaque résultat
Percentile par nombre de réponses
Votre historique - résultats
Vous n’avez pas pris ce quiz